[Event "another knock out "]
[Site "SchemingMind.com"]
[Date "2008.01.03"]
[Round "-"]
[White "Konan_Kaddosh"]
[Black "esteves101"]
[Result "1-0"]
[WhiteCountry "ITA"]
[BlackCountry "PHI"]
[WhiteElo "2492"]
[WhiteRD "59"]
[BlackElo "2055"]
[BlackRD "62"]
[GameID "135467"]

1. e4 e5 2. Nf3 Nf6 3. Nxe5 Qe7 4. d4 d6 5. Nf3 Nxe4 6. Be2 Bg4 7. O-O d5 8. c4 dxc4 9. Ne5 Be6 10. Re1 Nd7
11. Bxc4 Nxe5 12. Bxe6 fxe6 13. Rxe4 Nc6 14. Qg4 Qd7 15. Rxe6+ Be7 16. d5 Qxd5 17. Nc3 Qd4 18. Rxe7+ Kxe7 19. Bg5+ Kf7 20. Qf5+ Kg8
21. Qe6+ Kf8 22. Nb5 Qc5 23. Nxc7 Nd4 24. Qd7 Nf3+ 25. Kh1 Nxg5 26. Re1 g6 27. Nxa8 Ne4 28. h3 Qe5 29. Kg1 Qxb2 30. Qd8+ Kg7
31. Qe7+ Kh6 32. Rxe4 Qb1+ 33. Kh2 Qxe4 34. Qxe4 Rxa8 35. Qxb7 Rd8 36. Qxa7 Rc8 37. a4 Rg8 38. a5 Rf8 39. a6 Rg8 40. Qb7 Rg7
41. Qxg7+
1-0

[Event "another knock out "]
[Site "SchemingMind.com"]
[Date "2008.01.03"]
[Round "-"]
[White "esteves101"]
[Black "Konan_Kaddosh"]
[Result "0-1"]
[WhiteCountry "PHI"]
[BlackCountry "ITA"]
[WhiteElo "2055"]
[WhiteRD "62"]
[BlackElo "2492"]
[BlackRD "59"]
[GameID "135479"]

1. e4 c5 2. Nf3 Nc6 3. Nc3 e6 4. Bb5 Nge7 5. O-O a6 6. Bc4 b5 7. Be2 Nd4 8. d3 Bb7 9. a4 Nec6 10. axb5 axb5
11. Rxa8 Bxa8 12. Be3 Qb8 13. g3 Be7 14. Bf4 Qb6 15. Qd2 O-O 16. Ra1 f5 17. exf5 Qb7 18. Kf1 Ne5 19. Bxe5 Nxf3 20. Bxf3 Qxf3
21. Qe1 b4 22. Nd1 exf5 23. Qe3 Qh1+ 24. Ke2 Re8 25. Bf4 g5 26. Be5 Bf6 27. Rxa8 Qxa8 28. Bxf6 Rxe3+ 29. Nxe3 f4 30. gxf4 gxf4
31. Ng4 Qe8+ 32. Be5 Qe6 33. Kf3 h5 34. Nf6+ Kf7 35. Nxd7 Qxd7 36. Bxf4 Qd4 37. b3 Qc3 38. Be3 Qxc2 39. Ke4 Qxb3 40. Bxc5 Qc3
41. Bd4 Qc2 42. Ke3 b3 43. h3 b2
0-1

[Event "another knock out "]
[Site "SchemingMind.com"]
[Date "2007.12.30"]
[Round "-"]
[White "Chess_Man01"]
[Black "psb1101"]
[Result "1/2-1/2"]
[WhiteCountry "GBR"]
[BlackCountry "USA"]
[WhiteElo "2283"]
[WhiteRD "55"]
[BlackElo "2129"]
[BlackRD "190"]
[GameID "135592"]

1. e4 c5 2. Nf3 d6 3. d4 cxd4 4. Nxd4 Nf6 5. Nc3 a6 6. Bg5 e6 7. Be2 Be7 8. O-O O-O 9. Qd3 e5 10. Nb3 Be6
11. Rad1 Nc6 12. a3 Rc8 13. Be3 Na5 14. Nxa5 Qxa5 15. Bc1 Rfd8 16. Nd5 Nxd5 17. exd5 Bd7 18. Qb3 b5 19. Bd2 Qb6 20. Be3 Qb8
21. f4 e4 22. Bd4 Bh4 23. f5 f6 24. Qh3 Bg5 25. c3 Re8 26. Bh5 Re7 27. Qg3 Kh8 28. Be2 Qc7 29. b3 e3 30. Kh1 Rce8
31. h4 Bh6 32. Rde1 Bc8 33. Bh5 e2 34. Rg1 Qd7 35. Bxe8 Qxe8 36. Qxd6 Bd2 37. c4 Re4 38. Bf2 Kg8 39. c5 Bxf5 40. Bg3 Re3
41. a4 Rxb3 42. axb5= axb5 43. Ra1 Re3 44. Rge1 Bxe1 45. Rxe1 Rd3 46. c6 b4 47. Kh2= b3 48. Qf4 g6 49. d6 Qxc6 50. Rxe2 Qb5
51. Re7 Rxg3 52. Qxg3=
1/2-1/2

[Event "another knock out "]
[Site "SchemingMind.com"]
[Date "2008.01.04"]
[Round "-"]
[White "psb1101"]
[Black "Chess_Man01"]
[Result "1/2-1/2"]
[WhiteCountry "USA"]
[BlackCountry "GBR"]
[WhiteElo "2129"]
[WhiteRD "190"]
[BlackElo "2283"]
[BlackRD "55"]
[GameID "135595"]

1. d4 Nf6 2. Bg5 e6 3. Nf3 d5 4. e3 Be7 5. Bd3 O-O 6. O-O Nbd7 7. Nbd2 c5 8. c3 h6 9. Bf4 Nh5 10. Be5 f6
11. Bf4 Nxf4 12. exf4 Bd6 13. Qe2 Re8 14. g3 Re7 15. Nh4 cxd4 16. cxd4 Nf8 17. Rac1 Qb6 18. Nb3 a5 19. Rc2 a4 20. Nc5 a3
21. bxa3 Rxa3 22. Ng6 Nxg6 23. Bxg6 Qd8 24. Rfc1 Ra5 25. Ne4 Bc7 26. Nd2 Ra8 27. Nf3 Bd6 28. Rc3 Bd7 29. Nh4 Bc6 30. Qd3 Rc7
31. Qe2 Qd7 32. Nf3 Qc8 33. Bh5 Ba3 34. R1c2 Bb4 35. Rb3 Bd6 36. Rb1 b5 37. Bg6 Bd7 38. Rbc1 Raa7 39. Bd3 b4 40. Bb5 Bxb5
41. Rxc7 Rxc7 42. Rxc7 Qxc7 43. Qxb5 Qf7 44. Qc6 Bf8=
1/2-1/2

[Event "another knock out "]
[Site "SchemingMind.com"]
[Date "2008.01.01"]
[Round "-"]
[White "ajedrez perfecto"]
[Black "SLAINTIE MHATH"]
[Result "0-1"]
[WhiteCountry "BAH"]
[BlackCountry "POL"]
[WhiteElo "1848"]
[WhiteRD "73"]
[BlackElo "1591"]
[BlackRD "45"]
[GameID "135705"]

1. Nf3 b6 2. e4 Bb7 3. Nc3 e6 4. d4 Bb4 5. Bd3 h6 6. O-O Bxc3 7. bxc3 d6 8. Re1 Nd7 9. Bf4 Ne7 10. a4 a6
11. Qe2 Ng6 12. Bg3 Qe7 13. e5 d5 14. Bxg6 fxg6 15. Qd3 Qf7 16. Nh4 Nf8
0-1

[Event "another knock out "]
[Site "SchemingMind.com"]
[Date "2008.01.01"]
[Round "-"]
[White "SLAINTIE MHATH"]
[Black "ajedrez perfecto"]
[Result "1-0"]
[WhiteCountry "POL"]
[BlackCountry "BAH"]
[WhiteElo "1591"]
[WhiteRD "45"]
[BlackElo "1848"]
[BlackRD "73"]
[GameID "135709"]

1. Nf3 Nf6 2. Nc3 d5 3. d4 Bf5 4. Bg5 c6 5. Bxf6 exf6 6. a3 Qb6 7. Rb1 Bd6 8. g3 O-O 9. Bg2 Re8 10. O-O h6
11. b4 a5 12. bxa5 Qxa5 13. Rb3 Bxa3 14. Nb1 Bd6 15. Rxb7 Qa6 16. Nh4 Qxb7 17. Nxf5
1-0

[Event "another knock out "]
[Site "SchemingMind.com"]
[Date "2008.01.02"]
[Round "-"]
[White "Erhaem"]
[Black "Don71"]
[Result "1/2-1/2"]
[WhiteCountry "NED"]
[BlackCountry "NIR"]
[WhiteElo "2080"]
[WhiteRD "78"]
[BlackElo "2032"]
[BlackRD "121"]
[GameID "135835"]

1. d4 Nf6 2. Nf3 e6 3. Bg5 Be7 4. e3 O-O 5. Bd3 Nc6 6. O-O h6 7. Bxf6 Bxf6 8. c4 d6 9. Qd2 Bd7 10. Nc3 h5
11. Ne4 a5 12. d5 Ne5 13. Nd4 Nxd3 14. Qxd3 Bxd4 15. exd4 exd5 16. cxd5=
1/2-1/2

[Event "another knock out "]
[Site "SchemingMind.com"]
[Date "2008.01.02"]
[Round "-"]
[White "Don71"]
[Black "Erhaem"]
[Result "1-0"]
[WhiteCountry "NIR"]
[BlackCountry "NED"]
[WhiteElo "2074"]
[WhiteRD "119"]
[BlackElo "2084"]
[BlackRD "77"]
[GameID "135841"]

1. e4 e5 2. Nf3 Nc6 3. Bb5 a6 4. Ba4 d6 5. O-O Bg4 6. h3 Bh5 7. c4 Nf6 8. g4 Bg6 9. d4 Bxe4 10. d5 b5
11. cxb5 Nb4 12. Nc3 Bxf3 13. b6+ Nd7 14. Qxf3 a5 15. b7 Rb8 16. Qe2 Rxb7 17. a3 Be7 18. axb4 axb4 19. Bc6 Rb8 20. Nb5 O-O
21. Ra7 Nb6 22. Bd2 b3 23. Ba5 Bg5 24. Nxc7 Qe7 25. Nb5 Qf6 26. Ra6 Na8 27. Nxd6 Qxd6 28. Bxa8 Qc5 29. Bc6 Qc2 30. Re1 f5
31. Bd7 fxg4 32. hxg4 Kh8 33. Bf5 Qxe2 34. Rxe2 Ra8 35. Rxa8 Rxa8 36. Bc7 Bf6 37. d6 Ra1+ 38. Kg2 Rc1 39. f4 g6 40. fxe5 Bxe5
41. Rxe5 gxf5 42. Rd5 Kg7 43. d7
1-0

[Event "another knock out "]
[Site "SchemingMind.com"]
[Date "2008.01.07"]
[Round "-"]
[White "Mariazb"]
[Black "sideshowmatt"]
[Result "1-0"]
[WhiteCountry "ARG"]
[BlackCountry "USA"]
[WhiteElo "2352"]
[WhiteRD "73"]
[BlackElo "1504"]
[BlackRD "170"]
[GameID "135942"]

1. e4 e5 2. Nf3 Nc6 3. Bb5 d6 4. O-O a6 5. Ba4 b5 6. Bb3 Nf6 7. c3 Nxe4 8. Bd5 Bb7 9. Bxe4 d5 10. Bc2 Bd6
11. Qe2 Qe7 12. d3 O-O-O 13. a4 b4 14. a5 h6 15. Nbd2 g5 16. Bb3 g4 17. Ne1 h5 18. Bxd5 f5 19. Nc4 h4 20. Nc2 e4
21. Bxc6 Bxh2+ 22. Kxh2 g3+ 23. Kg1 Bxc6 24. Ne5 Qxe5 25. d4 Bb5 26. c4 Qd6 27. cxb5
1-0

[Event "another knock out "]
[Site "SchemingMind.com"]
[Date "2008.01.07"]
[Round "-"]
[White "sideshowmatt"]
[Black "Mariazb"]
[Result "0-1"]
[WhiteCountry "USA"]
[BlackCountry "ARG"]
[WhiteElo "1539"]
[WhiteRD "178"]
[BlackElo "2340"]
[BlackRD "70"]
[GameID "135949"]

1. e4 e5 2. d4 exd4 3. Qxd4 Nc6 4. Qe3 Nf6 5. Be2 Bb4+ 6. c3 Ba5 7. Bb5 O-O 8. Bd3 d5 9. e5 Bb6 10. Qe2 Nxe5
11. Nh3 Nxd3+ 12. Qxd3 Re8+ 13. Be3 Ng4 14. Ng5 Qxg5 15. O-O Rxe3 16. fxe3 Bxe3+ 17. Kh1 Qh4 18. h3 Qg3
0-1

[Event "another knock out "]
[Site "SchemingMind.com"]
[Date "2008.01.11"]
[Round "-"]
[White "egis"]
[Black "kotofey"]
[Result "0-1"]
[WhiteCountry "LTU"]
[BlackCountry "LAT"]
[WhiteElo "2036"]
[WhiteRD "73"]
[BlackElo "2409"]
[BlackRD "90"]
[GameID "136476"]

1. d4 Nf6 2. c4 g6 3. Nf3 Bg7 4. g3 O-O 5. Bg2 d6 6. d5 c6 7. O-O Qb6 8. e3 Qa6 9. dxc6 Nxc6 10. b3 d5
11. cxd5 Nxd5 12. Nd4 Nxd4 13. exd4 Rd8 14. Bb2 Nb4 15. Nd2 Bf5 16. Nc4 Nd3 17. Bc3 Rac8 18. a4 Bxd4 19. Bxd4 Rxd4 20. Qf3 Nc5
21. Qe3 Nxb3 22. Qxb3 Rcxc4 23. Bxb7 Qf6 24. a5 Rb4 25. Qf3 Kg7 26. Rac1 Rd3 27. Qg2 Qd4 28. Rce1 e5 29. Bf3 Rd2 30. Rd1 Bc2
31. Rxd2 Qxd2 32. Ba8 e4 33. Kh1 Bd3 34. Ra1 Be2 35. Bxe4 Qc3 36. Qg1 Rxe4 37. Qc1 Bf3+ 38. Kg1 Qxc1+ 39. Rxc1 Ra4 40. h3 Rxa5
41. Kh2 Ra3 42. g4 a5 43. Rc5 a4 44. Ra5 Ra1 45. Kg3 Bd1 46. Kh4 a3 47. f4 a2 48. f5 gxf5 49. gxf5 Bb3 50. Ra6 Rb1
51. f6+ Kg6 52. Rxa2 Bxa2 53. Kg3 Kf5 54. h4 Rb3+ 55. Kf2 Ke4 56. Kg2 Kf4 57. Kf2 Rb2+ 58. Ke1 Bb3 59. Kf1 Kf3
0-1

[Event "another knock out "]
[Site "SchemingMind.com"]
[Date "2008.01.07"]
[Round "-"]
[White "Blitzer"]
[Black "Cruyce"]
[Result "1-0"]
[WhiteCountry "CAN"]
[BlackCountry "BEL"]
[WhiteElo "2187"]
[WhiteRD "103"]
[BlackElo "2219"]
[BlackRD "73"]
[GameID "136477"]

1. Nf3 f5 2. g3 Nf6 3. d4 g6 4. c4 Bg7 5. Bg2 O-O 6. O-O d6 7. Nc3 Nc6 8. d5 Na5 9. Nd2 c5 10. Qc2 a6
11. b3 Rb8 12. a3 b5 13. cxb5 axb5 14. b4 cxb4 15. axb4 Nc4 16. Nxc4 bxc4 17. Rb1 Bd7 18. b5 Qb6 19. Be3 Qb7 20. Bd4 Rfc8
21. Qc1 Be8 22. h3 Bf7 23. Qe3 Rc7 24. b6 Rcc8 25. Ra1 Ra8 26. Rfb1 h6 27. Ra7 Rxa7 28. bxa7 Qa8 29. Qxe7
1-0

[Event "another knock out "]
[Site "SchemingMind.com"]
[Date "2008.01.11"]
[Round "-"]
[White "kotofey"]
[Black "egis"]
[Result "1-0"]
[WhiteCountry "LAT"]
[BlackCountry "LTU"]
[WhiteElo "2409"]
[WhiteRD "90"]
[BlackElo "2036"]
[BlackRD "73"]
[GameID "136486"]

1. e4 c5 2. Nf3 d6 3. d4 cxd4 4. Nxd4 Nf6 5. Nc3 a6 6. Be3 e5 7. Nb3 Be7 8. f3 O-O 9. Qd2 Nc6 10. O-O-O Be6
11. Nd5 Bxd5 12. exd5 Nb8 13. g4 Nbd7 14. g5 Nh5 15. Rg1 b5 16. Na5 Qc7 17. Nc6 Bd8 18. Kb1 g6 19. c4 bxc4 20. Rg4 Qb7
21. Rxc4 Bb6 22. Qb4 a5 23. Qb5 Rfe8 24. Bd2 Ng7 25. a4 Nf5 26. Nxa5 Qa7 27. Nc6 Qa6 28. Qxa6 Rxa6 29. Bh3 Bd8 30. a5 Nf8
31. b4 Ra8 32. Re1 Ne7 33. Nxe7+ Bxe7 34. Rec1 Red8 35. Rc8 f5 36. gxf6 Bxf6 37. b5 Bh4 38. b6 Rb8 39. R1c6 Rdxc8 40. Rxc8 Rxc8
41. Bxc8 Bf2 42. b7 Ba7 43. Be3 Kg7 44. Bxa7 h6 45. b8=Q h5 46. Qxd6 h4 47. Qe7+ Kg8 48. Be6+ Nxe6 49. dxe6
1-0

[Event "another knock out "]
[Site "SchemingMind.com"]
[Date "2008.01.07"]
[Round "-"]
[White "Cruyce"]
[Black "Blitzer"]
[Result "0-1"]
[WhiteCountry "BEL"]
[BlackCountry "CAN"]
[WhiteElo "2219"]
[WhiteRD "73"]
[BlackElo "2187"]
[BlackRD "103"]
[GameID "136487"]

1. d4 Nf6 2. c4 e6 3. Nc3 Bb4 4. Qc2 O-O 5. a3 Bxc3+ 6. Qxc3 b6 7. Bg5 Bb7 8. f3 h6 9. Bh4 d5 10. cxd5 exd5
11. e3 Re8 12. Bf2 c5 13. Ne2 Qd6 14. Bg3 Qe7 15. Bf2 Nc6 16. Rc1 Rac8 17. dxc5 Nd7 18. Nd4 Nxc5 19. Rd1 Ne5 20. Qd2 Ne6
21. Bb5 Qg5 22. Kf1 Nc4 23. Bxc4 Rxc4 24. g3 Qh5 25. Kg2 Ng5 26. h4 Rxd4 27. Qxd4 Qxf3+ 28. Kg1 Ne6 29. Qd3 Nc5 30. Qd4 Re4
31. Qd2 d4
0-1

[Event "another knock out "]
[Site "SchemingMind.com"]
[Date "2008.01.08"]
[Round "-"]
[White "jubeii"]
[Black "fer_even"]
[Result "0-1"]
[WhiteCountry "USA"]
[BlackCountry "ARG"]
[WhiteElo "2047"]
[WhiteRD "98"]
[BlackElo "2474"]
[BlackRD "98"]
[GameID "136571"]

1. e4 c5 2. Nf3 d6 3. d4 cxd4 4. Nxd4 Nf6 5. Nc3 Nc6 6. Be3 Ng4 7. Bb5 Nxe3 8. fxe3 Bd7 9. Bxc6 bxc6 10. O-O e5
11. Nf5 Be6 12. Qd3 g6 13. Ng3 Be7 14. b4 O-O 15. Rab1 Rb8 16. a3 Qc7 17. Nd1 Rfd8 18. c4 Qb7 19. Nf2 a5 20. Qc3 axb4
21. axb4 Ra8 22. Ra1 Rxa1 23. Rxa1 Ra8 24. Rxa8+ Qxa8 25. Nd3 Bg5 26. Nf1 Qa6 27. Nb2 Qa1 28. b5 Bxe3+ 29. Qxe3 Qxb2 30. bxc6 Bxc4
31. c7 Qb7 32. Nd2 Qxc7 33. g4 d5 34. exd5 Bxd5 35. g5 h6 36. gxh6 f5 37. h4 Kh7 38. Qg5 f4 39. Kf1 Be6 40. Qf6 Qc1+
41. Ke2 Bg4+ 42. Kd3 e4+ 43. Kxe4 Bf5+ 44. Kf3 Qd1+ 45. Kxf4 Qxd2+ 46. Kf3 Qxh6 47. Qe7+ Qg7 48. Qc5 Qd7 49. Qe5 Bh3 50. Qg5 Qf5+
51. Kg3 Qxg5+ 52. hxg5 Bf5 53. Kf4 Kg7 54. Ke5 Kf7 55. Kd6 Be6 56. Ke5 Ke7
0-1

[Event "another knock out "]
[Site "SchemingMind.com"]
[Date "2008.01.08"]
[Round "-"]
[White "Aadsje"]
[Black "Peacemaker"]
[Result "0-1"]
[WhiteCountry "NED"]
[BlackCountry "GER"]
[WhiteElo "2025"]
[WhiteRD "66"]
[BlackElo "2340"]
[BlackRD "81"]
[GameID "136572"]

1. e4 c5 2. Nf3 Nc6 3. Bc4 d6 4. Nc3 e5 5. d3 Be7 6. O-O Nf6 7. Nd5 O-O 8. Be3 Rb8 9. c3 b5 10. Bb3 Bg4
11. h3 Bd7 12. Nd2 Nxd5 13. Bxd5 Bf6 14. Qh5 Ne7 15. Bb3 Ng6 16. Nf3 Qe8 17. Rfe1 Be6 18. Ng5 Bxg5 19. Qxg5 c4 20. Bc2 f5
21. f3 f4 22. Bxa7 Rb7 23. Bf2 Ne7 24. Re2 Rf6 25. Be1 Rh6 26. g4 Rxh3 27. Rh2 h6 28. Qxe7 Qxe7 29. Rxh3 d5 30. Rd1 dxe4
31. dxe4 Rd7
0-1

[Event "another knock out "]
[Site "SchemingMind.com"]
[Date "2008.01.09"]
[Round "-"]
[White "fer_even"]
[Black "jubeii"]
[Result "1-0"]
[WhiteCountry "ARG"]
[BlackCountry "USA"]
[WhiteElo "2474"]
[WhiteRD "98"]
[BlackElo "2047"]
[BlackRD "98"]
[GameID "136579"]

1. d4 Nf6 2. c4 g6 3. Nc3 d5 4. cxd5 Nxd5 5. e4 Nxc3 6. bxc3 Bg7 7. Nf3 c5 8. Rb1 O-O 9. Be2 Nc6 10. d5 Ne5
11. Nxe5 Bxe5 12. Qd2 e6 13. f4 Bg7 14. d6 b6 15. O-O Bb7 16. e5 f6 17. exf6 Bxf6 18. Bb2 Qd7 19. Rfe1 Rae8 20. a4 Rd8
21. Rbd1 Qf7 22. g3 e5 23. Bg4 e4 24. a5 Bc6 25. axb6 axb6 26. d7 Qb3 27. Ra1 g5 28. fxg5 e3 29. Qxe3 Qxb2 30. Qe6+ Kh8
31. Qxc6 Bxc3 32. Rf1 Qd2 33. Rxf8+ Rxf8 34. Rd1 Bd4+ 35. Kh1 Qxg5 36. Qe4 Qf6 37. Bf5 b5 38. Kg2 b4 39. Rf1 Qf7 40. Qe6 Qxe6
41. Bxe6 Rb8 42. Rf7 Rd8 43. Kf3 Be5 44. Kg4 Bd6 45. Kh5 Rb8 46. g4 c4 47. g5 Bc5 48. Rf5 Bf8= 49. g6 Bg7 50. Rf7 Kg8
51. gxh7+ Kxh7 52. Bxc4 Kh8 53. Re7 Bf6 54. Re8+ Kg7 55. Rxb8
1-0

[Event "another knock out "]
[Site "SchemingMind.com"]
[Date "2008.01.07"]
[Round "-"]
[White "Peacemaker"]
[Black "Aadsje"]
[Result "1-0"]
[WhiteCountry "GER"]
[BlackCountry "NED"]
[WhiteElo "2340"]
[WhiteRD "81"]
[BlackElo "2025"]
[BlackRD "66"]
[GameID "136580"]

1. e4 Nc6 2. Nf3 e5 3. Bb5 Nf6 4. O-O Nxe4 5. d4 Be7 6. Qe2 Nd6 7. Bxc6 bxc6 8. dxe5 Nf5 9. Qe4 d5 10. exd6 Nxd6
11. Qxc6+ Bd7 12. Qc3 O-O 13. Bf4 Rb8 14. Re1 Nb5 15. Qa5 Nd6 16. b3 Bf6 17. Be5 Rb5 18. Qc3 Bxe5 19. Nxe5 Re8 20. Nd2 h6
21. Ndf3 Rd5 22. h3 h5 23. Qb2 Nf5 24. c4 Rd6 25. Qa3 a6 26. Qa5 Re7 27. Nxd7 Rxe1+ 28. Rxe1 Qxd7 29. a4 g6 30. b4 Qc6
31. c5 Rf6 32. Kh1 Ng7 33. Ne5 Qd5 34. Qxc7
1-0

[Event "another knock out "]
[Site "SchemingMind.com"]
[Date "2008.01.12"]
[Round "-"]
[White "z"]
[Black "jl1234"]
[Result "1-0"]
[WhiteCountry "IRQ"]
[BlackCountry "POL"]
[WhiteElo "1821"]
[WhiteRD "56"]
[BlackElo "1950"]
[BlackRD "94"]
[GameID "137086"]

1. b4 c5 2. bxc5 e6 3. d4 Nc6 4. Nf3 h6 5. e3 a6 6. Be2 Qf6 7. c3 d6 8. cxd6 Bxd6 9. O-O Nge7 10. Nbd2 e5
11. Qb3 Bc7 12. a4 Na5 13. Qc2 Bg4 14. Re1 exd4 15. cxd4 Rc8 16. Qb1 Nd5 17. Bb2 Qe6 18. e4 Nf4 19. Bf1 Nb3 20. Bc4 Qg6
21. g3 Nh3+ 22. Kg2 Nxa1 23. Bxa1 Ng5 24. Nh4 Qb6 25. Qa2 O-O 26. Rb1 Qa7 27. f4 Bh3+ 28. Kh1 Ne6 29. Ng6 fxg6 30. Bxe6+ Bxe6
31. Qxe6+ Kh7 32. f5 gxf5 33. exf5 Rcd8 34. d5 Kh8 35. Qxh6+
1-0

[Event "another knock out "]
[Site "SchemingMind.com"]
[Date "2008.01.13"]
[Round "-"]
[White "jl1234"]
[Black "z"]
[Result "0-1"]
[WhiteCountry "POL"]
[BlackCountry "IRQ"]
[WhiteElo "1950"]
[WhiteRD "94"]
[BlackElo "1821"]
[BlackRD "56"]
[GameID "137090"]

1. Nf3 f5 2. d4 Nf6 3. Nc3 e6 4. a3 d5 5. Ne5 c5 6. e3 Nc6 7. Bb5 Bd7 8. b4 cxb4 9. Bxc6 bxc6 10. Nb1 Bd6
11. axb4 Bxb4+ 12. c3 Bd6 13. O-O O-O 14. Qd3 Qc7 15. Ba3 Rfb8 16. Bxd6 Qxd6 17. Nd2 Be8 18. c4 c5 19. Rfb1 Bg6 20. f4 Rb6
21. Nb3 Ne4 22. dxc5 Nxc5 23. Nxc5 Rxb1+ 24. Rxb1 Qxc5 25. cxd5 Qxd5 26. Qxd5 exd5 27. Ra1 Be8 28. Nd3 Bb5 29. Nb4 Bc4 30. Ra5 g6
31. Nc6 a6 32. Rc5 Kf8 33. Na5 Ke7 34. e4 fxe4 35. Kf2 Kd6 36. Nb7+ Kd7 37. Na5 Rc8 38. Rxc8 Kxc8 39. Nxc4 dxc4 40. Ke3 c3
41. Ke2 a5
0-1

[Event "another knock out "]
[Site "SchemingMind.com"]
[Date "2008.03.13"]
[Round "-"]
[White "smothered mate"]
[Black "z"]
[Result "0-1"]
[WhiteCountry "POL"]
[BlackCountry "IRQ"]
[WhiteElo "1938"]
[WhiteRD "52"]
[BlackElo "1796"]
[BlackRD "55"]
[GameID "145235"]

1. e4 a6 2. d4 b5 3. a4 b4 4. c3 e6 5. Nf3 c5 6. Bf4 Nf6 7. Qc2 Bb7 8. Nbd2 d5 9. e5 Nfd7 10. cxb4 cxb4
11. Nb3 Nc6 12. Rc1 Rc8 13. Qb1 Be7 14. Bd3 h6 15. h4 Na5 16. Nxa5 Qxa5 17. b3 Nb8 18. Rxc8+ Bxc8 19. Qc2 Kd7 20. Ke2 Bb7
21. Rc1 Rc8 22. Qb2 Rxc1 23. Qxc1 Qb6 24. Qb2 a5 25. g3 Ba6 26. Ne1 Nc6 27. Be3 Nb8 28. Kf3 Qc6 29. Qe2 Bxd3 30. Qxd3 Qc3
31. Qb5+ Nc6 32. Ng2 Bd8 33. Nf4 Ke7 34. Qb7+ Kf8 35. Kg4 Ne7 36. Qd7 Qc7 37. Qxc7 Bxc7 38. Ne2 Bb6 39. Kf4 Nc6 40. f3 Ke7
41. Bf2 f6 42. exf6+ gxf6 43. Kg4 e5 44. Kh5 Bxd4 45. Be1 Be3 46. f4 exf4 47. gxf4 d4 48. Kxh6 d3 49. Kg6 dxe2 50. h5 Bxf4
51. Kf5 Be5 52. Kg6 Ke6 53. h6 f5 54. h7 f4 55. Kg5 Nd4 56. Kg4 Nxb3 57. Kf3 Nd4+ 58. Kf2 f3 59. Ke3 Kd5 60. Kd3 Nf5
61. Kd2 Ke4 62. Bf2 Ne7 63. Bb6 Bc3+
0-1

[Event "another knock out "]
[Site "SchemingMind.com"]
[Date "2008.03.12"]
[Round "-"]
[White "z"]
[Black "smothered mate"]
[Result "1/2-1/2"]
[WhiteCountry "IRQ"]
[BlackCountry "POL"]
[WhiteElo "1796"]
[WhiteRD "55"]
[BlackElo "1938"]
[BlackRD "52"]
[GameID "145243"]

1. b4 e5 2. Bb2 Bxb4 3. Bxe5 Nf6 4. a3 Be7 5. e3 O-O 6. Nf3 d6 7. Bb2 Bg4 8. Be2 Nc6 9. O-O Qc8 10. d4 d5
11. Nbd2 Rd8 12. c4 dxc4 13. Nxc4 Nd5 14. Qd2 Bf8 15. e4 Nb6 16. Nxb6 axb6 17. Qe3 Na5 18. Rfc1 c6 19. d5 Qc7 20. Rab1 Bc5
21. Qg5 f5 22. h3 Bxf3 23. Bxf3 Nb3 24. Rc3 Nd4 25. Rd3 Nxf3+ 26. Rxf3 fxe4 27. Rg3 Bf8 28. dxc6 bxc6 29. Be5 Qd7 30. Rxb6 Rxa3
31. Rxa3 Bxa3 32. Rxc6 Bf8 33. Rc7 Qd1+ 34. Kh2 Rd7 35. Qf5 Rxc7 36. Bxc7 Bd6+ 37. Bxd6 Qxd6+ 38. g3 Qd4 39. g4 g6 40. Qf4 Kg7
41. g5 Qd5 42. Qf6+ Kg8 43. Kg3 Qd3+ 44. Kg2 Qe2 45. Qf4 Qh5 46. h4 Qe2 47. Qe3 Qxe3 48. fxe3 Kf7 49. Kg3 Ke6 50. Kf4 Kd5
51. Kg4 Ke5 52. h5 gxh5+ 53. Kxh5 Kf5 54. Kh4 Ke6 55. Kg4 Ke5 56. g6 hxg6 57. Kg5 Kd5 58. Kxg6 Ke6 59. Kg5 Ke5 60. Kg4 Ke6
61. Kf4 Kf6 62. Kg4 Kg6 63. Kf4 Kf6 64. Kxe4 Ke6 65. Kd4 Kd6 66. e4 Ke6 67. e5 Ke7 68. Kd5 Kd7 69. e6+ Ke7 70. Ke5 Ke8
71. Kf6 Kf8 72. e7+ Ke8 73. Kg6 Kxe7
1/2-1/2

[Event "another knock out "]
[Site "SchemingMind.com"]
[Date "2008.03.19"]
[Round "-"]
[White "krueger"]
[Black "SLAINTIE MHATH"]
[Result "1-0"]
[WhiteCountry "USA"]
[BlackCountry "POL"]
[WhiteElo "2138"]
[WhiteRD "91"]
[BlackElo "1591"]
[BlackRD "45"]
[GameID "146330"]

1. e4 c6 2. d4 d5 3. Nc3 h6 4. Nf3 Bg4 5. Be2 e6 6. h3 Bh5 7. exd5 cxd5 8. g4 Bg6 9. Ne5 Bh7 10. Bb5+ Nc6
11. Nxc6 bxc6 12. Bxc6+ Ke7 13. Bxa8 Qxa8 14. Qe2 a6 15. Bf4 Ke8 16. Be5 Nf6 17. Bxf6 gxf6 18. Na4 Qc6 19. Nc5 Bxc5 20. dxc5 Qxc5
21. Qxa6 Kf8 22. c3 Kg7 23. Qe2 Rc8 24. O-O Be4 25. Rad1 Qd6 26. Qe3 Qe5 27. f4 Qd6 28. Rf2 e5 29. Qxe4 Rc5 30. fxe5 fxe5
31. Qf5 Qe7 32. Re1 f6 33. h4 Rc6 34. g5 fxg5 35. Rxe5 Qd8 36. Qf7+ Kh8 37. Re7 Qxe7 38. Qxe7
1-0

[Event "another knock out "]
[Site "SchemingMind.com"]
[Date "2008.03.19"]
[Round "-"]
[White "SLAINTIE MHATH"]
[Black "krueger"]
[Result "0-1"]
[WhiteCountry "POL"]
[BlackCountry "USA"]
[WhiteElo "1591"]
[WhiteRD "45"]
[BlackElo "2138"]
[BlackRD "91"]
[GameID "146336"]

1. Nf3 Nf6 2. g3 d5 3. d4 c5 4. c3 Nc6 5. dxc5 a5 6. Bg2 e6 7. Be3 Ne4 8. O-O Nxc5 9. Bd4 Nxd4 10. cxd4 Nd7
11. Qa4 Bd6 12. Nc3 O-O 13. Qc2 Nb6 14. b3 Bd7 15. e4 Rc8 16. Qd3 Bb4 17. Rac1 Rxc3 18. Rxc3 dxe4 19. Qxe4 Bxc3 20. h4 Nd5
21. Ng5 Nf6 22. Qd3 Bb4 23. Be4 h6 24. Nh7 Nxh7 25. Bxh7+ Kh8 26. f4 Qb6 27. Kh2 Bb5 28. Qb1 Bxf1 29. Qxf1 Kxh7 30. f5 Qxd4
31. fxe6 fxe6 32. Qb1+ g6 33. h5 Qf2+ 34. Kh3 Rf5 35. hxg6+ Kg8 36. Qd1 Bd2 37. Qc2 Rh5+ 38. Kg4 Qe2#
0-1

[Event "another knock out "]
[Site "SchemingMind.com"]
[Date "2008.04.19"]
[Round "-"]
[White "z"]
[Black "Don71"]
[Result "0-1"]
[WhiteCountry "IRQ"]
[BlackCountry "NIR"]
[WhiteElo "1825"]
[WhiteRD "51"]
[BlackElo "2074"]
[BlackRD "118"]
[GameID "151010"]

1. b4 e5 2. Bb2 Bxb4 3. Bxe5 Nf6 4. a3 Be7 5. e3 O-O 6. Nf3 d5 7. c4 Bf5 8. cxd5 Nbd7 9. Bb2 Nxd5 10. Be2 c6
11. O-O Qb6 12. Qc1 Nc5 13. Bd4 Nb3 14. Qb2 Nxd4 15. Qxd4 Rfd8 16. Qxb6 axb6 17. Ra2 b5 18. d3 Bg4 19. Rd2 Bxa3 20. Nxa3 Rxa3
21. h3 Be6 22. Nd4 Nc3 23. Bf3 c5 24. Nxe6 fxe6 25. Bxb7 Rxd3 26. Rxd3 Ne2+ 27. Kh2 Rxd3 28. Ba6 Nc3 29. Kg3 c4 30. Kf4 Rd5
31. g4 Rc5 32. e4 b4 33. Ke3 Rc6 34. Bb7 Rd6 35. Rc1 Rd3+
0-1

[Event "another knock out "]
[Site "SchemingMind.com"]
[Date "2008.04.19"]
[Round "-"]
[White "Don71"]
[Black "z"]
[Result "1-0"]
[WhiteCountry "NIR"]
[BlackCountry "IRQ"]
[WhiteElo "2074"]
[WhiteRD "118"]
[BlackElo "1825"]
[BlackRD "51"]
[GameID "151016"]

1. e4 a6 2. d4 e6 3. Nf3 b5 4. a4 b4 5. Bd3 c5 6. Bg5 Be7 7. Bxe7 Qxe7 8. Nbd2 Bb7 9. O-O cxd4 10. Nxd4 h6
11. Nc4 Nf6 12. e5 Qc5 13. Nb3 Qc6 14. Nd6+ Kf8 15. Nxb7 Nd5 16. Nd6 f6 17. Qh5
1-0

[Event "another knock out "]
[Site "SchemingMind.com"]
[Date "2008.04.28"]
[Round "-"]
[White "Mariazb"]
[Black "Schaakmaatje"]
[Result "1-0"]
[WhiteCountry "ARG"]
[BlackCountry "NED"]
[WhiteElo "2406"]
[WhiteRD "77"]
[BlackElo "1768"]
[BlackRD "47"]
[GameID "151821"]

1. d4 d5 2. Nf3 Nf6 3. c4 c6 4. Nc3 g6 5. e3 Bg7 6. Bd3 dxc4 7. Bxc4 O-O 8. O-O Nbd7 9. e4 Nb6 10. Be2 Bg4
11. a4 a5 12. Bg5 h6 13. Be3 Bxf3 14. Bxf3 Nc4 15. e5 Nxe3 16. fxe3 Nd5 17. Bxd5 cxd5 18. Qb3 e6 19. Rf2 Qe7 20. Nb5 Rac8
21. Nd6 Rc7 22. Qd3 Qd7 23. Nb5 Rc4 24. b3
1-0